El diario de Ana Frank / (Registro nro. 4025)

Detalles MARC
000 -LEADER
fixed length control field 01122nam a2200277Ia 4500
003 - CONTROL NUMBER IDENTIFIER
control field OSt
005 - DATE AND TIME OF LATEST TRANSACTION
control field 20200925150137.0
008 - FIXED-LENGTH DATA ELEMENTS--GENERAL INFORMATION
fixed length control field 191128s2007 ck gr 000 0 spa d
020 ## - INTERNATIONAL STANDARD BOOK NUMBER
International Standard Book Number 9789589825761
040 ## - CATALOGING SOURCE
Original cataloging agency CO-JMCR
Transcribing agency CO-JMCR
041 0# - LANGUAGE CODE
Language code of text/sound track or separate title spa
082 04 - DEWEY DECIMAL CLASSIFICATION NUMBER
Classification number 920.72 /
Item number F828d
Edition number 23
100 1# - MAIN ENTRY--PERSONAL NAME
Personal name Frank, Ana,
Relator term autora
9 (RLIN) 10865
245 13 - TITLE STATEMENT
Title El diario de Ana Frank /
Statement of responsibility, etc. Ana Frank
260 ## - PUBLICATION, DISTRIBUTION, ETC.
Place of publication, distribution, etc. [Bogotá] :
Name of publisher, distributor, etc. Atenea,
Date of publication, distribution, etc. 2007
300 ## - PHYSICAL DESCRIPTION
Extent 222 páginas ;
Dimensions 22 cm.
500 ## - GENERAL NOTE
General note Incluye guía de lectura.
520 3# - SUMMARY, ETC.
Summary, etc. "A pesar de todo, creo que el corazón del hombre es bueneo en su raíz". Así escribio la niña adolescente en su diario, que se transformó en el símbolo de lucha contra el racismo y la discriminación.
600 1# - SUBJECT ADDED ENTRY--PERSONAL NAME
Personal name Frank, Anna,
Dates associated with a name 1929-1945
Form subdivision biografías
9 (RLIN) 10866
650 14 - SUBJECT ADDED ENTRY--TOPICAL TERM
Topical term or geographic name entry element Diarios íntimos
General subdivision Judíos en Alemania
Chronological subdivision 1929-1945
9 (RLIN) 10867
650 14 - SUBJECT ADDED ENTRY--TOPICAL TERM
Topical term or geographic name entry element Guerra Mundial II
General subdivision relatos personales
Chronological subdivision 1939-1945
9 (RLIN) 10868
650 14 - SUBJECT ADDED ENTRY--TOPICAL TERM
Topical term or geographic name entry element Judíos
General subdivision condiciones políticas y sociales
9 (RLIN) 10869
650 14 - SUBJECT ADDED ENTRY--TOPICAL TERM
Topical term or geographic name entry element Mujeres Judías
Geographic subdivision Alemania
9 (RLIN) 10870
650 24 - SUBJECT ADDED ENTRY--TOPICAL TERM
Topical term or geographic name entry element Campos de concentración
Geographic subdivision Alemania
9 (RLIN) 10871
942 ## - ADDED ENTRY ELEMENTS (KOHA)
Source of classification or shelving scheme Dewey Decimal Classification
Koha item type Books
Existencias
Withdrawn status Lost status Source of classification or shelving scheme Damaged status Not for loan Collection code Home library Current library Date acquired Source of acquisition Total Checkouts Total Renewals Full call number Barcode Date due Date last seen Date last checked out Copy number Koha item type Public note
    Dewey Decimal Classification     Non-fiction Biblioteca Pública José María del Castillo y Rada Biblioteca Pública José María del Castillo y Rada 04/12/2018 Donación 14 9 920.72 / F828d 201808819 03/30/2026 03/18/2026 03/18/2026 Ej.1 Books En la primera página tiene una marca de labial.